झाकोळ (Record no. 404280)

MARC details
000 -LEADER
fixed length control field 00376nam a2200145Ia 4500
008 - FIXED-LENGTH DATA ELEMENTS--GENERAL INFORMATION
fixed length control field 100122s9999 xx 000 0 und d
082 ## - DEWEY DECIMAL CLASSIFICATION NUMBER
Item number 13459
Classification number 823
100 ## - MAIN ENTRY--PERSONAL NAME
Personal name शहाणे मनोहर
245 ## - TITLE STATEMENT
Title झाकोळ
260 ## - PUBLICATION, DISTRIBUTION, ETC. (IMPRINT)
Name of publisher, distributor, etc मौज प्रकाशन
Date of publication, distribution, etc 1965
300 ## - PHYSICAL DESCRIPTION
Extent 164
630 ## - SUBJECT ADDED ENTRY--UNIFORM TITLE
Uniform title झाकोळ
730 ## - ADDED ENTRY--UNIFORM TITLE
Uniform title झाकोळ
942 ## - ADDED ENTRY ELEMENTS (KOHA)
Koha item type Book

No items available.